=LDR 00000nam 2200000 4500 =001 INLIS000000000024981 =005 20130612123527 =008 ***********************************Ind** =035 ##$$0010-061300000024981 =041 ##$$a Ind =082 ##$$a 959 =090 ##$$a 959, Tur k =100 ##$$a Tur, Ananta =245 ##$$a Kronok revolusi indonesia, Ananta toer =260 ##$$a 1999 $b Jakarta =300 ##$$a 572 hlm, 21 cm =650 ##$$a Sejarah =850 ##$$a NBPNMAT